000 00664cam a22002171 4500
001 sa 64000696
003 DLC
005 20260227111958.0
008 820202s1963 ii f000 0 eng
010 _asa 64000696
035 _a(OCoLC)8120632
040 _aDLC
_cKyLoU
_dDLC
042 _apremarc
043 _aa-ii---
050 0 0 _aHV391
_b.A5
110 1 _aIndia.
_bPlanning Commission.
245 1 0 _aPlans and prospects of social welfare in India, 1951-61.
_cForeword by G.L. Nanda.
260 _a[Delhi,
_bPublications Division, Ministry of Information and Broadcasting,
_c1963]
300 _a254 p.
_btables.
_c25 cm.
650 0 _aPublic welfare
_zIndia.
999 _c56385
_d56385